Skutočnosti vedúce k mimoriadnej účtovnej závierke a predpoklady jej zostavenia diplomová práca

Saved in:
Bibliographic Details
Main Author: Bartalosová, Judita
Corporate Author: Fakulta hospodárskej informatiky EU. Katedra účtovníctva a audítorstva
Other Authors: Silná, Renáta, 1981-
Format: Book
Language:Slovak
Published: Bratislava 2012
Tags: Add Tag
No Tags, Be the first to tag this record!

MARC

LEADER 00000nbm a2200000 4500
001 0154776
005 20161109102144.1
041 0 |a slo 
044 |a SK 
245 1 0 |a Skutočnosti vedúce k mimoriadnej účtovnej závierke a predpoklady jej zostavenia  |b diplomová práca  |c Judita Bartalosová ; školiteľ: Renáta Silná 
264 1 |a Bratislava  |c 2012 
300 |a 73 s. 
100 1 |a Bartalosová, Judita 
700 1 |a Silná, Renáta, 1981- 
710 2 |a Fakulta hospodárskej informatiky EU. Katedra účtovníctva a audítorstva